|
|
|
|
| LEADER |
00000nkm a2200000 a 4500 |
| 001 |
vtls011996714 |
| 003 |
SK-MaSNL |
| 005 |
20260512124358.0 |
| 007 |
kp bo |
| 008 |
231121q1924 xo g kuslo |
| 015 |
|
|
|a SNBG1924
|
| 035 |
|
|
|a urn:nbn:sk:snk-km00fcv3
|
| 035 |
|
|
|a urn:nbn:sk:snk-km45tkv
|
| 035 |
|
|
|a F6869937-EDDE-4D34-A3CB-05ECC2827EBE
|
| 040 |
|
|
|a SNK
|b slo
|c SNK
|e AACR2
|
| 041 |
0 |
|
|a slo
|
| 043 |
|
|
|a e-xo---
|
| 044 |
|
|
|a xo
|c SK
|
| 072 |
|
7 |
|a 913
|x Regionálna geografia
|2 konspekt
|
| 080 |
|
|
|a 913(437.6)
|2 2011
|
| 080 |
|
|
|a (084.121)
|2 2011
|
| 080 |
|
|
|a 726:27-523.42
|2 2011
|
| 080 |
|
|
|a 721
|2 2011
|
| 080 |
|
|
|a 711.73
|2 2011
|
| 245 |
0 |
0 |
|a Velké Šurany
|h grafika
|
| 260 |
|
|
|a [Velké Šurany?]
|b Robotnické potravne družstvo
|c [1924?]
|
| 300 |
|
|
|a 1 pohľadnica
|b čiernobiela
|c 9 x 14 cm
|
| 500 |
|
|
|a Názvové údaje prevzaté z obrazovej časti pohľadnice
|
| 520 |
8 |
|
|a Zobrazenie: Pohľad na ulicu so stromami po pravej strane a budovami po strane ľavej, uprostred stojí skupinka ľudí v pozadí je vidieť budovu kostola
|
| 650 |
0 |
7 |
|a kostoly
|2 SNKPH
|9 3023
|
| 650 |
0 |
7 |
|a budovy
|2 SNKPH
|9 1283
|
| 650 |
0 |
7 |
|a ulice
|2 SNKPH
|9 2938
|
| 651 |
|
7 |
|a Šurany (Slovensko)
|2 SNKPHgeo
|9 14578
|
| 655 |
|
7 |
|a miestne pohľadnice
|2 SNKPH
|9 70510
|
| 852 |
|
|
|a Slovenská národná knižnica
|
| 958 |
|
|
|a GBN
|
| 958 |
|
|
|a GC
|
| 958 |
|
|
|a OND
|
| 958 |
|
|
|a EUIPO
|
| 999 |
|
|
|c 868045
|d 869975
|
| 952 |
|
|
|a SNK
|b SNK
|y PREZ
|7 0
|p 17A1286368
|o snkSP 75991
|z Pohľadnica prešla poštou.
|0 0
|1 0
|4 0
|d 2020-10-08
|f 1
|l 0
|r 2026-02-24 05:33:05
|w 2026-02-24
|